000 00310 a2200145 4500
001 194755
040 _cMagnum
100 _aMachado, José Leon
240 1 0 _aA bruxa e o caldeirão
_lpor
245 1 0 _aA bruxa e o caldeirão
300 _a10
362 0 _a2003
697 _aLITERATURA GERAL
942 _cBK
999 _c194755
_d194755